| 000 | 00646nam a2200181Ia 4500 | ||
|---|---|---|---|
| 008 | 100921s9999 xx 000 0 und d | ||
| 082 |
_b2233 _a330 थ 71 |
||
| 100 | _aChokshi M. | ||
| 245 | _aPrinciples & Practice In Double Entry Book-Keeping. | ||
| 260 |
_bआचार्य बुक डेपो,बडोदा. _c1971 |
||
| 300 |
_a618 _b--- |
||
| 365 | _b12.5 | ||
| 520 | _aस.शा.अर्थशास्त्र. | ||
| 630 | _aPrinciples & Practice In Double Entry Book-Keeping. | ||
| 650 | _aस.शा.अर्थशास्त्र. | ||
| 730 | _aPrinciples & Practice In Double Entry Book-Keeping. | ||
| 942 | _cBOOK | ||
| 999 |
_c751346 _d751343 |
||